000 01055nam a2200337 a 4500
001 vtls000076354
003 NLI
005 20210601193540.0
008 101125s1976 ctu 000 0 eng
020 _a0300019629 :
_cPND 9.00
039 9 _y201011250809
_zVLOAD
040 0 _aNLI
_beng
_cEntertech-2003
_eAACR2
041 0 _aeng
044 _actu
082 0 4 _a160
100 1 _aBelnap, Nuel D. ,
_cjr.,
_d1930-
_9177309
245 1 4 _aThe logic of questions and answers /
_cNuel D. Belnap, Jr. and Thomas B. Steel, Jr
260 _aNew Haven :
_bYale University Press,
_cc1976
300 _avii, 209 p. ;
_c21 cm.
504 _aBibliography : p. 155-209
650 0 _aQuestion (Logic)
_9177310
650 0 _aQuestion-answering systems
_9177311
650 0 _aFormal languages
_9133274
650 0 _aPhilosophy
_9160
700 1 _aSteel, Thomas B. ,
_cjr.,
_d1929-,
_4jt.aut
_9177312
887 _a
901 _a437074
_b01.09.1977
902 _aE160 B417
949 _AVIRTUAITEM
_D10000
_X100
_6PUR000437074ENG
942 _2ddc
_cBKS
999 _aVIRTUA00
_c79080
_d79080